000 00549nam a22001691 4500
082 0 0 _a531.38
_bTIM
_cL-5,P--39
100 1 _aTimoshenko, Stephen,
_937703
245 1 0 _aTheory of elasticity,
_cby S. Timoshenko ...
250 _a1st ed.
260 _aNew York,
_aLondon,
_bMcGraw-Hill book company, inc.,
_c1934.
300 _axvi, 416 p.
_billus., diagrs.
_c24 cm.
526 _a0
_b0
_c0
_d531_380000000000000_TIM
650 0 _aElasticity.
_910835
650 0 _aStrains and stresses.
_928238
650 0 _aStrength of materials.
_9563
942 _2ddc
_cBK
999 _c544358
_d544358